000 00547nam a2200205Ia 4500
005 20250923144443.0
008 008 250917s9999 xx 000 0 eng d
037 _aTextual
040 _aDSWL
_beng
_cDSWL
041 _aeng
_2eng
084 _qDSWL
100 _aPires, Edward A
_9825068
245 0 _aSociological Bulletin , 1954
_cby Edward A. Pires
260 _aBombay
_bIndian Socilogical Society India
_c1953
300 _aii,183p.
365 _aINR
_b8
925 _g8
942 _cTEXL
999 _c1439067
_d1439067